| 000 | 01399nam2a2200265 4500 | ||
|---|---|---|---|
| 001 | RU\NLR\bibl\946922 | ||
| 005 | 20250614200203.0 | ||
| 010 |
_a5-88476-709-9 _9100 |
||
| 021 |
_aRU _b2006-21865 _91091 |
||
| 035 | _a(NLR Aleph) 000935054 | ||
| 090 |
_a184070 _c184070 |
||
| 100 | _a20060511d2005 |||y0rusy50 ca | ||
| 101 | 0 | _arus | |
| 102 | _aRU | ||
| 105 | _ay ||||||||| | ||
| 200 | 0 | _aТ. 1 | |
| 210 |
_d2005 _aБ. м. |
||
| 215 | _a111 с. | ||
| 320 | _aБиблиогр. в конце ст. и в подстроч. примеч. | ||
| 461 | 0 |
_1001RU\NLR\bibl\967901 _12001#$aТенденции и перспективы развития музыкального и художественного образования в XXI веке$vТ. 1 _9308817 _cМурманск _d2005 _f[отв. ред.: Л.С. Беляева, к.п.н., проф.] _nМурманский государственный педагогический университет (МГПУ) _oматериалы региональной научно-практической конференции, 11-12 апреля 2005 года _tТенденции и перспективы развития музыкального и художественного образования в XXI веке _vТ. 1 |
|
| 801 | 0 |
_aRU _bNLR _c20060511 _grcr |
|
| 801 | 1 |
_aRU _bNLR _c20060511 |
|
| 942 | _cBOOK | ||
| 980 | _aNB | ||